ნორმალური ფორმატი
MARC ფორმატი
ჩანაწერი Corporate Name
ჩანაწერთა რაოდენობა, რომელიც გამოყენებულია: 2
001 - CONTROL NUMBER
- control field: 10834
003 - CONTROL NUMBER IDENTIFIER
- control field: GE_BSU
005 - DATE AND TIME OF LATEST TRANSACTION
- control field: 20210330120551.0
008 - FIXED-LENGTH DATA ELEMENTS
- fixed length control field: 210330|| aca||aabn | a|a d
040 ## - CATALOGING SOURCE
- Original cataloging agency: GE_BSU
- Transcribing agency: GE_BSU
110 ## - HEADING--CORPORATE NAME
- Corporate name or jurisdiction name as entry element: ბსუ
- Subordinate unit: ბიოლოგიის დეპარტამენტი
670 ## - SOURCE DATA FOUND
- Source citation: Work cat.: (GE_BSU)52862: ქამადაძე, დალი 6040, იაპონური კამელიის(Camellia japonica L.) აჭარაში გავრცელებული და ბათუმის ბოტანიკურ ბაღში გამოყვანილი ჰიბრიდების ზრდა-განვითარების, ყვავილობისა და გამრავლების ბიოლოგიური და გენეტიკური თავისებურებანი /
